[Event "RUS-chT U20"]
[Site "Kaliningrad"]
[Date "2013.08.10"]
[Round "9"]
[White "Konaplev, Anton"]
[Black "Orekhov, Nikolai"]
[Result "1/2-1/2"]
[WhiteElo "1939"]
[BlackElo "2129"]
[PlyCount "63"]
[EventDate "2013.08.02"]
[EventType "team-swiss"]
[EventRounds "9"]
[EventCountry "RUS"]
[SourceTitle "EXT 2018"]
[Source "ChessBase"]
[SourceDate "2017.10.13"]
[SourceVersion "1"]
[SourceVersionDate "2017.10.13"]
[SourceQuality "1"]

1. e4 c5 2. Nf3 Nc6 3. d4 cxd4 4. Nxd4 e5 5. Nb5 a6 6. Nd6+ Bxd6 7. Qxd6 Qf6 8. Qxf6 Nxf6 9. Nc3 Nb4 10. Bd3 d6 11. Bg5 Be6 12. a3 Nxd3+ 13. cxd3 Nd7 14. b4 Rc8 15. Kd2 h6 16. Be3 Nf6 17. Rac1 Kd7 18. Na4 Rc6 19. Rxc6 bxc6 20. f4 Ng4 21. fxe5 Nxe5 22. Bd4 f6 23. Rc1 Kc7 24. Nc3 Rb8 25. Nd5+ Kb7 26. Bxe5 fxe5 27. Ne7 Bd7 28. Rf1 Be6 29. Rc1 Bd7 30. Rf1 Be6 31. Rc1 Bd7 32. Rf1 1/2-1/2

[Event "RUS-chT U20"]
[Site "Kaliningrad"]
[Date "2013.08.07"]
[Round "6"]
[White "Orekhov, Nikolai"]
[Black "Mamchenko, Sergei"]
[Result "1-0"]
[WhiteElo "2129"]
[BlackElo "1927"]
[PlyCount "87"]
[EventDate "2013.08.02"]
[EventType "team-swiss"]
[EventRounds "9"]
[EventCountry "RUS"]
[SourceTitle "EXT 2018"]
[Source "ChessBase"]
[SourceDate "2017.10.13"]
[SourceVersion "1"]
[SourceVersionDate "2017.10.13"]
[SourceQuality "1"]

1. Nf3 d5 2. d4 Nf6 3. c4 c6 4. e3 Bf5 5. Nc3 e6 6. Nh4 Bg6 7. Nxg6 hxg6 8. Be2 Nbd7 9. 0-0 dxc4 10. Bxc4 Nd5 11. h3 Be7 12. e4 Nxc3 13. bxc3 0-0 14. Be3 Qc7 15. Rc1 c5 16. Qb3 Rac8 17. f4 Nf6 18. e5 Nd7 19. Be2 Nb6 20. Bf3 Rfd8 21. Be4 cxd4 22. cxd4 Qd7 23. g4 Nd5 24. Bxd5 Qxd5 25. Qxd5 exd5 26. f5 gxf5 27. gxf5 Ba3 28. Rb1 Rc3 29. Rf3 b6 30. Kg2 Rc2+ 31. Rf2 Rdc8 32. Rb5 R2c3 33. Re2 Rd8 34. Bg5 f6 35. exf6 gxf6 36. Bxf6 Rf8 37. Re6 Kf7 38. Rxd5 Rg8+ 39. Kf2 Rc2+ 40. Kf3 Rc3+ 41. Ke4 Rgg3 42. Rd7+ Kf8 43. Rxa7 Rxh3 44. Bg7+ 1-0

[Event "Pardubice Czech op-B 24th"]
[Site "Pardubice"]
[Date "2013.07.21"]
[Round "3"]
[White "Ragnarsson, Dagur"]
[Black "Orekhov, Nikolai"]
[Result "1-0"]
[WhiteElo "2020"]
[BlackElo "2125"]
[PlyCount "97"]
[EventDate "2013.07.19"]
[EventType "swiss"]
[EventRounds "9"]
[EventCountry "CZE"]
[SourceTitle "CBM 155 Extra"]
[Source "ChessBase"]
[SourceDate "2013.08.26"]
[SourceVersion "1"]
[SourceVersionDate "2013.08.26"]
[SourceQuality "1"]

1. c4 Nf6 2. g3 e6 3. Nf3 d5 4. Bg2 dxc4 5. Na3 Nbd7 6. Nxc4 c5 7. 0-0 b5 8. Nce5 Bb7 9. Nxf7 Kxf7 10. Ng5+ Ke7 11. Bxb7 Rb8 12. Bg2 h6 13. Nh3 Kf7 14. d4 cxd4 15. Qxd4 Bc5 16. Qc3 Qb6 17. e3 Rhc8 18. Rd1 Be7 19. Qd2 Rd8 20. Qe2 Rbc8 21. b3 Nc5 22. Bb2 Nce4 23. Nf4 Nc3 24. Bxc3 Rxd1+ 25. Rxd1 Rxc3 26. h4 Rc5 27. Qd3 Rc8 28. Bh3 Rc6 29. Qg6+ Kf8 30. Nd3 Qc7 31. e4 e5 32. Qf5 Bd6 33. g4 Qd7 34. Qf3 Qf7 35. g5 hxg5 36. hxg5 Nh7 37. Nxe5 Qxf3 38. Nxf3 Be7 39. Rd5 Rc5 40. Rxc5 Bxc5 41. Bf5 Kg8 42. Bxh7+ Kxh7 43. Nh4 Bd6 44. g6+ Kg8 45. Kg2 Kf8 46. f4 Ke7 47. Kf2 Bc5+ 48. Kf3 Kf6 49. f5 1-0

[Event "Zagorovsky Memorial op"]
[Site "Voronezh"]
[Date "2013.07.04"]
[Round "9"]
[White "Orekhov, Nikolai"]
[Black "Soboleva, Anastasia"]
[Result "1-0"]
[WhiteElo "2125"]
[BlackElo "1940"]
[PlyCount "61"]
[EventDate "2013.06.25"]
[EventType "swiss"]
[EventRounds "9"]
[EventCountry "RUS"]
[SourceTitle "EXT 2014"]
[Source "ChessBase"]
[SourceDate "2013.11.20"]
[SourceVersion "1"]
[SourceVersionDate "2013.11.20"]
[SourceQuality "1"]

1. d4 Nf6 2. c4 e6 3. Nf3 b6 4. g3 Bb7 5. Bg2 Be7 6. 0-0 c5 7. Nc3 cxd4 8. Nxd4 Bxg2 9. Kxg2 a6 10. e4 Qc7 11. Qe2 d6 12. Be3 0-0 13. f3 Nbd7 14. Rac1 Qb7 15. Rfd1 d5 16. cxd5 exd5 17. Nf5 Bc5 18. Bxc5 Nxc5 19. b4 Ne6 20. exd5 Nc7 21. d6 Ne6 22. Ne4 Nd7 23. Qb2 Qb8 24. Ng5 Nf6 25. Ne7+ Kh8 26. Rc8 Qxc8 27. Nxc8 Raxc8 28. Nxe6 fxe6 29. d7 Rcd8 30. Qe5 Nxd7 31. Qc7 1-0

[Event "Zagorovsky Memorial op"]
[Site "Voronezh"]
[Date "2013.06.28"]
[Round "4"]
[White "Shestakov, A."]
[Black "Orekhov, Nikolai"]
[Result "0-1"]
[WhiteElo "2149"]
[BlackElo "2125"]
[PlyCount "34"]
[EventDate "2013.06.25"]
[EventType "swiss"]
[EventRounds "9"]
[EventCountry "RUS"]
[SourceTitle "EXT 2014"]
[Source "ChessBase"]
[SourceDate "2013.11.20"]
[SourceVersion "1"]
[SourceVersionDate "2013.11.20"]
[SourceQuality "1"]

1. f4 d5 2. b3 Nc6 3. Nf3 Bg4 4. e3 e5 5. h3 Bxf3 6. Qxf3 exf4 7. exf4 Qf6 8. Nc3 0-0-0 9. Be2 Nd4 10. Qg4+ Kb8 11. 0-0 Nh6 12. Qg5 Nxe2+ 13. Nxe2 Bc5+ 14. d4 Bxd4+ 15. Nxd4 Qxd4+ 16. Be3 Qxe3+ 17. Kh1 f6 0-1

[Event "Zagorovsky Memorial op"]
[Site "Voronezh"]
[Date "2013.06.26"]
[Round "2"]
[White "Artemov, Nikita"]
[Black "Orekhov, Nikolai"]
[Result "1-0"]
[WhiteElo "1981"]
[BlackElo "2125"]
[PlyCount "49"]
[EventDate "2013.06.25"]
[EventType "swiss"]
[EventRounds "9"]
[EventCountry "RUS"]
[SourceTitle "EXT 2014"]
[Source "ChessBase"]
[SourceDate "2013.11.20"]
[SourceVersion "1"]
[SourceVersionDate "2013.11.20"]
[SourceQuality "1"]

1. e4 e6 2. d4 d5 3. Nd2 Be7 4. Ngf3 Nf6 5. e5 Nfd7 6. c4 dxc4 7. Bxc4 Nb6 8. Bd3 c5 9. 0-0 cxd4 10. Nb3 Nc6 11. Nbxd4 Bd7 12. a3 Nd5 13. Nxc6 bxc6 14. Nd2 Nf4 15. Ne4 Nxd3 16. Qxd3 Qa5 17. Rd1 Qd5 18. Qf3 Qxe5 19. Bf4 Qf5 20. Rxd7 Kxd7 21. Rd1+ Bd6 22. Nxd6 Qc2 23. Nxf7+ Ke7 24. Nxh8 Rxh8 25. Bg5+ 1-0

[Event "Nezhmetdinov Memorial 35th"]
[Site "Kazan"]
[Date "2013.06.07"]
[Round "8"]
[White "Sarana, Alexey"]
[Black "Orekhov, Nikolai"]
[Result "1/2-1/2"]
[WhiteElo "2209"]
[BlackElo "2121"]
[PlyCount "91"]
[EventDate "2013.05.31"]
[EventType "swiss"]
[EventRounds "9"]
[EventCountry "RUS"]
[SourceTitle "CBM 154 Extra"]
[Source "ChessBase"]
[SourceDate "2013.06.25"]
[SourceVersion "2"]
[SourceVersionDate "2013.06.25"]
[SourceQuality "1"]

1. e4 e6 2. d4 d5 3. Nc3 Bb4 4. e5 c5 5. a3 Bxc3+ 6. bxc3 Qa5 7. Bd2 Qa4 8. Qb1 c4 9. Ne2 Nc6 10. Ng3 Nge7 11. Be2 b6 12. 0-0 Bd7 13. Nh5 Rg8 14. Ra2 0-0-0 15. Kh1 Rdf8 16. Qe1 Kb7 17. Bf3 Nc8 18. Bg5 b5 19. Qd2 Nb6 20. Rb1 Qa5 21. a4 Nxa4 22. Qc1 Ka8 23. Bd2 Rb8 24. h3 Qd8 25. Nf4 Ne7 26. Qe1 Bc6 27. Bc1 Qa5 28. Ba3 Nc8 29. Bb4 Qd8 30. Qe3 Rb7 31. Nh5 h6 32. Nf4 Rb8 33. Bh5 Rb7 34. Kh2 g6 35. Bg4 Re8 36. Bf3 h5 37. g3 Qc7 38. h4 a5 39. Ba3 Qb8 40. Qe1 Rd8 41. Nh3 Rdd7 42. Bd1 Rb6 43. Bf8 Rd8 44. Ba3 Rd7 45. Bf8 Rd8 46. Ba3 1/2-1/2

[Event "Dvorkovich Memorial op"]
[Site "Taganrog"]
[Date "2013.01.23"]
[Round "9"]
[White "Orekhov, Nikolai"]
[Black "Bykov, Egor"]
[Result "0-1"]
[WhiteElo "2118"]
[BlackElo "2047"]
[PlyCount "94"]
[EventDate "2013.01.15"]
[EventType "swiss"]
[EventRounds "9"]
[EventCountry "RUS"]
[SourceTitle "CBM 152 Extra"]
[Source "ChessBase"]
[SourceDate "2013.02.25"]
[SourceVersion "1"]
[SourceVersionDate "2013.02.25"]
[SourceQuality "1"]

1. d4 d5 2. c4 c6 3. Nf3 Nf6 4. Qc2 dxc4 5. Qxc4 Bf5 6. g3 Nbd7 7. Bg2 e6 8. 0-0 Be7 9. Nc3 h6 10. e3 Nb6 11. Qe2 Nbd5 12. Ne5 Nxc3 13. bxc3 0-0 14. e4 Bh7 15. Bb2 c5 16. Nd3 c4 17. Ne5 b5 18. Nc6 Qc7 19. Nxe7+ Qxe7 20. a4 Qb7 21. f3 a6 22. Ba3 Rfe8 23. Rfb1 Qc6 24. Bc1 e5 25. d5 Qd7 26. Be3 Rec8 27. axb5 axb5 28. Rxa8 Rxa8 29. Qb2 Rb8 30. Bf1 Qc7 31. Qb4 Nd7 32. Qe7 f5 33. Bh3 Qb7 34. Ra1 Nf6 35. Qe6+ Kh8 36. Ra7 Qc8 37. Bxh6 Qc5+ 38. Kg2 Qxa7 39. Bg5 Re8 40. Qc6 Qd7 41. Qa6 Nh5 42. exf5 Qxd5 43. Bg4 Ra8 44. Qb6 Nf6 45. Bxf6 Qd2+ 46. Kh3 Qh6+ 47. Kg2 Ra2+ 0-1

[Event "Dvorkovich Memorial op"]
[Site "Taganrog"]
[Date "2013.01.21"]
[Round "7"]
[White "Arshaev, Ajush"]
[Black "Orekhov, Nikolai"]
[Result "1/2-1/2"]
[WhiteElo "1911"]
[BlackElo "2118"]
[PlyCount "58"]
[EventDate "2013.01.15"]
[EventType "swiss"]
[EventRounds "9"]
[EventCountry "RUS"]
[SourceTitle "CBM 152 Extra"]
[Source "ChessBase"]
[SourceDate "2013.02.25"]
[SourceVersion "1"]
[SourceVersionDate "2013.02.25"]
[SourceQuality "1"]

1. e4 e6 2. d4 d5 3. Nc3 Bb4 4. Nge2 dxe4 5. a3 Bxc3+ 6. Nxc3 Nc6 7. Be3 Nf6 8. Qd2 Bd7 9. h3 Ne7 10. 0-0-0 Bc6 11. g4 Ned5 12. Bg2 Nxe3 13. fxe3 h6 14. Qe2 Qe7 15. h4 0-0-0 16. g5 hxg5 17. hxg5 Nh7 18. Nxe4 Bxe4 19. Bxe4 Nxg5 20. Bg2 f6 21. Bxb7+ Kxb7 22. Qb5+ Ka8 23. Qc6+ Kb8 24. Qb5+ Kc8 25. Qa6+ Kd7 26. Qb5+ Kc8 27. Qa6+ Kd7 28. Qb5+ Kc8 29. Qa6+ Kd7 1/2-1/2

[Event "Dvorkovich Memorial op"]
[Site "Taganrog"]
[Date "2013.01.15"]
[Round "1"]
[White "Tunik, Gennady"]
[Black "Orekhov, Nikolai"]
[Result "1-0"]
[WhiteElo "2437"]
[BlackElo "2118"]
[PlyCount "97"]
[EventDate "2013.01.15"]
[EventType "swiss"]
[EventRounds "9"]
[EventCountry "RUS"]
[SourceTitle "CBM 152 Extra"]
[Source "ChessBase"]
[SourceDate "2013.02.25"]
[SourceVersion "1"]
[SourceVersionDate "2013.02.25"]
[SourceQuality "1"]

1. d4 d5 2. c4 c6 3. Nf3 Nf6 4. e3 Bf5 5. Nc3 e6 6. Nh4 Bg6 7. Nxg6 hxg6 8. g3 Nbd7 9. Bg2 dxc4 10. Qe2 Nb6 11. a4 a5 12. 0-0 Be7 13. Rd1 Qc7 14. e4 e5 15. Be3 Nfd7 16. dxe5 Qxe5 17. f4 Qc7 18. e5 Nc5 19. Qf2 Nbd7 20. Bf1 Nd3 21. Bxd3 cxd3 22. Rxd3 Bb4 23. Rad1 0-0-0 24. Nd5 cxd5 25. Rc1 Nc5 26. Bxc5 d4 27. Qc2 Bxc5 28. Qxc5 Qxc5 29. Rxc5+ Kb8 30. Rxa5 Rd7 31. Rc5 Rhd8 32. Kf2 Rc7 33. Rxc7 Kxc7 34. Kf3 Kc6 35. Ke4 Kc5 36. g4 b6 37. b3 Rd7 38. h4 Rd8 39. h5 f5+ 40. gxf5 gxh5 41. e6 h4 42. Rh3 Rh8 43. Ke5 Kc6 44. Kxd4 Kd6 45. Ke4 Rh6 46. b4 g6 47. Rd3+ Ke7 48. Rd7+ Ke8 49. f6 1-0

[Event "Khanty-Mansiysk Governor Cup-B 8th"]
[Site "Khanty-Mansiysk"]
[Date "2012.11.17"]
[Round "3"]
[White "Orekhov, Nikolai"]
[Black "Tolstykh, Nikolay"]
[Result "1-0"]
[WhiteElo "2127"]
[BlackElo "1786"]
[PlyCount "49"]
[EventDate "2012.11.15"]
[EventType "swiss"]
[EventRounds "9"]
[EventCountry "RUS"]
[SourceTitle "CBM 151 Extra"]
[Source "ChessBase"]
[SourceDate "2012.12.18"]
[SourceVersion "1"]
[SourceVersionDate "2012.12.18"]
[SourceQuality "1"]

1. d4 Nf6 2. c4 g6 3. g3 Bg7 4. Bg2 d5 5. cxd5 Nxd5 6. Nf3 c5 7. 0-0 cxd4 8. Nxd4 Qb6 9. Nb3 Nc7 10. Be3 Qb4 11. Bc5 Qg4 12. Nc3 Nc6 13. Bf3 Qf5 14. Ba3 Nb5 15. Nxb5 Qxb5 16. Rc1 Bh3 17. Re1 0-0 18. Qd5 Qb6 19. Qc5 Qa6 20. Qg5 Bxb2 21. Bxb2 Qxa2 22. Ba1 Qxb3 23. Bd5 Qb6 24. Rxc6 bxc6 25. Qe5 1-0

[Event "EU-chT U18 12th"]
[Site "Pardubice"]
[Date "2012.07.16"]
[Round "7"]
[White "Orekhov, Nikolai"]
[Black "Ivekovic, Bozidar1111"]
[Result "1-0"]
[WhiteElo "2043"]
[BlackElo "2209"]
[PlyCount "59"]
[EventDate "2012.07.12"]
[EventType "team-tourn"]
[EventRounds "9"]
[EventCountry "CZE"]
[SourceTitle "EXT 2020"]
[Source "ChessBase"]
[SourceDate "2019.10.17"]
[SourceVersion "1"]
[SourceVersionDate "2019.10.17"]
[SourceQuality "1"]
[WhiteTeam "Yamal U18"]
[BlackTeam "Croatia U18"]
[WhiteTeamCountry "RUS"]
[BlackTeamCountry "CRO"]

1. d4 Nf6 2. c4 g6 3. g3 Bg7 4. Bg2 0-0 5. Nc3 d6 6. Nf3 Nbd7 7. 0-0 e5 8. e4 Re8 9. h3 exd4 10. Nxd4 Nc5 11. Re1 a5 12. Qc2 Nfxe4 13. Nxe4 Bxd4 14. Bg5 Qd7 15. Nf6+ Bxf6 16. Bxf6 Re6 17. Bd4 Qe8 18. Qd2 Qf8 19. Be3 Rxe3 20. Rxe3 Be6 21. b3 Qc8 22. Rae1 Qd7 23. Qc3 Ra7 24. Qf6 b5 25. cxb5 Qxb5 26. Bd5 Qd7 27. Bxe6 fxe6 28. Rxe6 Nxe6 29. Rxe6 c5 30. Rxd6 1-0

[Event "EU-chT U18 12th"]
[Site "Pardubice"]
[Date "2012.07.14"]
[Round "3"]
[White "Stegariu, Vlad Ionut"]
[Black "Orekhov, Nikolai"]
[Result "0-1"]
[WhiteElo "2236"]
[BlackElo "2043"]
[PlyCount "88"]
[EventDate "2012.07.12"]
[EventType "team-tourn"]
[EventRounds "9"]
[EventCountry "CZE"]
[SourceTitle "EXT 2020"]
[Source "ChessBase"]
[SourceDate "2019.10.17"]
[SourceVersion "1"]
[SourceVersionDate "2019.10.17"]
[SourceQuality "1"]
[WhiteTeam "Romania"]
[BlackTeam "Yamal U18"]
[WhiteTeamCountry "ROU"]
[BlackTeamCountry "RUS"]

1. c4 c6 2. e4 e5 3. Nc3 Nf6 4. Nf3 d6 5. d4 Nbd7 6. Be2 Be7 7. 0-0 0-0 8. Re1 a6 9. a4 a5 10. Bg5 Qc7 11. Qc2 Re8 12. Rad1 Nf8 13. c5 exd4 14. cxd6 Bxd6 15. Rxd4 Ng4 16. h3 Ne5 17. Red1 Nxf3+ 18. Bxf3 Bh2+ 19. Kh1 Ne6 20. Be3 Nxd4 21. Bxd4 Be5 22. Be3 Qe7 23. Be2 Qh4 24. Bf1 Be6 25. g3 Qe7 26. f4 Bc7 27. Qf2 f6 28. Bc5 Qf7 29. Re1 Rad8 30. Bb6 Bxb6 31. Qxb6 Qh5 32. f5 Qf3+ 33. Kh2 Bf7 34. Nb1 c5 35. Bg2 Qf2 36. Rf1 Qd4 37. Nc3 Qb4 38. Nb5 Rd2 39. Qxb7 Rxb2 40. Qc7 Qxe4 41. Qxf7+ Kxf7 42. Nd6+ Kf8 43. Nxe4 Rxe4 44. Rg1 Re3 0-1

[Event "Urals-ch"]
[Site "Satka"]
[Date "2012.03.31"]
[Round "8"]
[White "Matsenko, Sergei"]
[Black "Orekhov, Nikolai"]
[Result "1-0"]
[WhiteElo "2468"]
[BlackElo "2017"]
[PlyCount "99"]
[EventDate "2012.03.24"]
[EventType "swiss"]
[EventRounds "9"]
[EventCountry "RUS"]
[SourceTitle "CBM 147 Extra"]
[Source "ChessBase"]
[SourceDate "2012.04.24"]
[SourceVersion "1"]
[SourceVersionDate "2012.04.24"]
[SourceQuality "1"]

1. e4 e6 2. d4 d5 3. Nd2 dxe4 4. Nxe4 Bd7 5. Nf3 Bc6 6. Bd3 Nd7 7. 0-0 Ngf6 8. Ng3 Bxf3 9. Qxf3 c6 10. Re1 Be7 11. c3 0-0 12. Bc2 Re8 13. Qd3 Qc7 14. Bg5 Bf8 15. Bxf6 Nxf6 16. Nh5 Be7 17. Nxf6+ Bxf6 18. Qxh7+ Kf8 19. Rad1 Ke7 20. Qf5 Rh8 21. h3 Kf8 22. Qf3 Rd8 23. Re4 Qa5 24. Bb3 Rh5 25. Rf4 Rf5 26. Rxf5 Qxf5 27. Qxf5 exf5 28. g3 c5 29. dxc5 Rxd1+ 30. Bxd1 Be7 31. Bf3 Bxc5 32. Bxb7 Ke7 33. Bd5 f6 34. Kg2 Bd6 35. f4 Bc5 36. Kf3 Kd6 37. Bf7 Ke7 38. Bg6 Ke6 39. h4 Bb6 40. h5 Bc5 41. Bh7 Bd6 42. Bg8+ Ke7 43. Bc4 Bc5 44. Ba6 Kf7 45. b4 Bg1 46. a4 Bb6 47. a5 Bd8 48. c4 Be7 49. c5 Bd8 50. Ke3 1-0

[Event "Urals-ch"]
[Site "Satka"]
[Date "2012.03.28"]
[Round "5"]
[White "Turebayeva, Alfiya"]
[Black "Orekhov, Nikolai"]
[Result "0-1"]
[WhiteElo "2187"]
[BlackElo "2017"]
[PlyCount "74"]
[EventDate "2012.03.24"]
[EventType "swiss"]
[EventRounds "9"]
[EventCountry "RUS"]
[SourceTitle "CBM 147 Extra"]
[Source "ChessBase"]
[SourceDate "2012.04.24"]
[SourceVersion "1"]
[SourceVersionDate "2012.04.24"]
[SourceQuality "1"]

1. e4 e6 2. d4 d5 3. exd5 exd5 4. c4 dxc4 5. Bxc4 Bd6 6. Nf3 Ne7 7. Ng5 0-0 8. Qh5 Bf5 9. Bxf7+ Kh8 10. 0-0 Nd7 11. Bb3 Bg6 12. Qe2 Nf5 13. Ne6 Qh4 14. f4 Rfe8 15. Qf2 Qxf2+ 16. Kxf2 Nf6 17. Nc3 Ng4+ 18. Kg1 Nxd4 19. h3 Nxb3 20. axb3 Rxe6 21. hxg4 Bd3 22. Rd1 Bc2 23. Rf1 Bxb3 24. f5 Ree8 25. Bf4 Bc4 26. Rf3 Bc5+ 27. Kh2 c6 28. Na4 Bd4 29. Rd1 Re4 30. Rxd4 Rxd4 31. Nc3 Bd5 32. Rf2 Re8 33. g5 Kg8 34. Ne2 Rxe2 35. Rxe2 Rxf4 36. g6 hxg6 37. fxg6 Re4 0-1

[Event "Voronezh op-B 15th"]
[Site "Voronezh"]
[Date "2011.06.18"]
[Round "7"]
[White "Matveenko, Yury"]
[Black "Orekhov, Nikolai"]
[Result "1-0"]
[WhiteElo "2151"]
[BlackElo "1925"]
[PlyCount "85"]
[EventDate "2011.06.12"]
[EventType "swiss"]
[EventRounds "9"]
[EventCountry "RUS"]
[SourceTitle "CBM 143 Extra"]
[Source "ChessBase"]
[SourceDate "2011.08.29"]
[SourceVersion "1"]
[SourceVersionDate "2011.08.29"]
[SourceQuality "1"]

1. b4 e5 2. a3 d5 3. Bb2 Bd6 4. e3 Nf6 5. c4 c6 6. Nf3 Nbd7 7. Be2 0-0 8. h3 Re8 9. 0-0 Nf8 10. d3 Ng6 11. Nbd2 Qe7 12. Re1 Be6 13. Qc2 Rad8 14. Bf1 Bc8 15. g3 h5 16. h4 Bg4 17. Bg2 e4 18. dxe4 dxe4 19. Ng5 Bf5 20. Bxf6 Qxf6 21. Bxe4 Rxe4 22. Ndxe4 Qe5 23. c5 Bc7 24. Qc4 Rf8 25. f4 Qe7 26. Nf2 Bc8 27. e4 Nxf4 28. gxf4 Bxf4 29. Nf3 Qf6 30. Qf1 Bg3 31. Qg2 Qf4 32. Rad1 Bg4 33. Rd3 Re8 34. Nh2 Bxh4 35. Nhxg4 hxg4 36. Rf1 g3 37. Nh3 Qg4 38. Rdf3 Rxe4 39. Rf4 Rxf4 40. Rxf4 Qd1+ 41. Qf1 Qd2 42. Qg2 g5 43. Qxd2 1-0

[Event "Voronezh op-B 15th"]
[Site "Voronezh"]
[Date "2011.06.17"]
[Round "6"]
[White "Orekhov, Nikolai"]
[Black "Pozhidaev, Eduard"]
[Result "1-0"]
[WhiteElo "1925"]
[BlackElo "2077"]
[PlyCount "82"]
[EventDate "2011.06.12"]
[EventType "swiss"]
[EventRounds "9"]
[EventCountry "RUS"]
[SourceTitle "CBM 143 Extra"]
[Source "ChessBase"]
[SourceDate "2011.08.29"]
[SourceVersion "1"]
[SourceVersionDate "2011.08.29"]
[SourceQuality "1"]

1. Nf3 Nf6 2. c4 c5 3. g3 Nc6 4. Bg2 g6 5. 0-0 Bg7 6. Nc3 0-0 7. d4 cxd4 8. Nxd4 Qb6 9. Nb3 Qb4 10. c5 Na5 11. Nxa5 Qxa5 12. Qd4 Ne8 13. Qc4 d6 14. c6 bxc6 15. Qxc6 Rb8 16. Nd5 Bf6 17. b4 Qa6 18. Nxf6+ Nxf6 19. Qc7 Bd7 20. Bh6 Rfc8 21. Qa5 Qxa5 22. bxa5 Rb2 23. Be3 a6 24. Bd4 Rxe2 25. Bb7 Rcc2 26. Bxa6 Red2 27. Be3 Rd5 28. Bb6 Rdd2 29. a4 Ng4 30. Bb5 Ne5 31. Bxd7 Nxd7 32. Rfc1 Ra2 33. Rxa2 Rxa2 34. Rc4 Ra1+ 35. Kg2 Rb1 36. Be3 Nb8 37. Rc7 e5 38. Bh6 f5 39. Rg7+ Kh8 40. Rf7 Nd7 41. Rxd7 Rb8 1-0

[Event "Voronezh op-B 15th"]
[Site "Voronezh"]
[Date "2011.06.14"]
[Round "3"]
[White "Molodchin, Vladimir"]
[Black "Orekhov, Nikolai"]
[Result "1-0"]
[WhiteElo "2075"]
[BlackElo "1925"]
[PlyCount "45"]
[EventDate "2011.06.12"]
[EventType "swiss"]
[EventRounds "9"]
[EventCountry "RUS"]
[SourceTitle "CBM 143 Extra"]
[Source "ChessBase"]
[SourceDate "2011.08.29"]
[SourceVersion "1"]
[SourceVersionDate "2011.08.29"]
[SourceQuality "1"]

1. c4 c6 2. Nf3 d5 3. d4 Nf6 4. Nc3 e6 5. e3 Nbd7 6. cxd5 exd5 7. Bd3 Bd6 8. Qc2 h6 9. Bd2 0-0 10. h3 c5 11. g4 cxd4 12. Nxd4 Nc5 13. Be2 Nfe4 14. h4 Nxd2 15. Qxd2 Ne4 16. Nxe4 dxe4 17. g5 hxg5 18. hxg5 Qxg5 19. 0-0-0 Qc5+ 20. Kb1 Qb4 21. Qc2 g6 22. Qxe4 Bf5 23. Qxf5 1-0

[Event "Voronezh op-B 15th"]
[Site "Voronezh"]
[Date "2011.06.12"]
[Round "1"]
[White "Vetryansky, Vladimir"]
[Black "Orekhov, Nikolai"]
[Result "1-0"]
[WhiteElo "2243"]
[BlackElo "1925"]
[PlyCount "47"]
[EventDate "2011.06.12"]
[EventType "swiss"]
[EventRounds "9"]
[EventCountry "RUS"]
[SourceTitle "CBM 143 Extra"]
[Source "ChessBase"]
[SourceDate "2011.08.29"]
[SourceVersion "1"]
[SourceVersionDate "2011.08.29"]
[SourceQuality "1"]

1. e4 e6 2. d4 d5 3. Nc3 Nf6 4. Bg5 dxe4 5. Nxe4 Nbd7 6. Nf3 h6 7. Nxf6+ Nxf6 8. Bf4 c5 9. dxc5 Qxd1+ 10. Rxd1 Bxc5 11. Ne5 Nd5 12. Bb5+ Ke7 13. Bg3 a6 14. Bc4 Rd8 15. 0-0 Bb6 16. Be2 f6 17. Ng6+ Kf7 18. Bh5 Kg8 19. c4 Nb4 20. c5 Rxd1 21. Rxd1 Bxc5 22. Rd8+ Kf7 23. Bd6 Bxd6 24. Ne5+ 1-0